Catálogo

HISTORIA UNIVERSAL EL ISLAM 2 (Registro nro. 28892)

Detalles MARC
000 -LEADER
fixed length control field 00462nam a2200181 a 4500
001 - CONTROL NUMBER
control field 28892
005 - DATE AND TIME OF LATEST TRANSACTION
control field 20180713231841.0
008 - FIXED-LENGTH DATA ELEMENTS--GENERAL INFORMATION
fixed length control field 140415s1985 sp 000 0 spa d
020 ## - INTERNATIONAL STANDARD BOOK NUMBER
International Standard Book Number 842394409X
041 ## - LANGUAGE CODE
Language code of text/sound track or separate title spa
082 ## - DEWEY DECIMAL CLASSIFICATION NUMBER
Classification number 900.12
Item number MAN
100 1# - MAIN ENTRY--PERSONAL NAME
Personal name MANN ALFRED HEUSS, GOLO
245 10 - TITLE STATEMENT
Title HISTORIA UNIVERSAL EL ISLAM 2
250 ## - EDITION STATEMENT
Edition statement 1a ed.
260 ## - PUBLICATION, DISTRIBUTION, ETC.
Place of publication, distribution, etc. ESPAÑA :
Name of publisher, distributor, etc. ESPASA CALPE,
Date of publication, distribution, etc. 1985
300 ## - PHYSICAL DESCRIPTION
Extent 759
Dimensions 14 x 2 x 16
650 14 - SUBJECT ADDED ENTRY--TOPICAL TERM
Topical term or geographic name entry element PAPEL
Existencias
Withdrawn status Lost status Source of classification or shelving scheme Damaged status Not for loan Collection code Home library Current library Shelving location Date acquired Source of acquisition Total Checkouts Full call number Barcode Date last seen Price effective from Koha item type
    Dewey Decimal Classification     General Tehuacán Tehuacán Sala general 03/12/2013 Compra   900.12 MAN 502665 08/01/2025 03/12/2013 Libro